Lindley & Banks on partnership. (Record no. 595)

MARC details
000 -LEADER
fixed length control field 01195cam a2200337 a 4500
001 - CONTROL NUMBER
control field 12930110
003 - CONTROL NUMBER IDENTIFIER
control field OSt
005 - DATE AND TIME OF LATEST TRANSACTION
control field 20120109103159.0
008 - FIXED-LENGTH DATA ELEMENTS--GENERAL INFORMATION
fixed length control field 020110s2002 enk f 001 0 eng
010 ## - LIBRARY OF CONGRESS CONTROL NUMBER
LC control number 2002483504
020 ## - INTERNATIONAL STANDARD BOOK NUMBER
International Standard Book Number 0421673907
035 ## - SYSTEM CONTROL NUMBER
System control number (UkLWHE)b000151940
040 ## - CATALOGING SOURCE
Original cataloging agency DLC
Transcribing agency DLC
Modifying agency DLC
043 ## - GEOGRAPHIC AREA CODE
Geographic area code e-uk---
050 00 - LIBRARY OF CONGRESS CALL NUMBER
Classification number KD2051
Item number .L5 2002
082 00 - DEWEY DECIMAL CLASSIFICATION NUMBER
Classification number 346.0682
Edition number 17th
100 1# - MAIN ENTRY--PERSONAL NAME
Personal name Banks, R. C. I'Anson.
9 (RLIN) 1727
245 10 - TITLE STATEMENT
Title Lindley & Banks on partnership.
246 3# - VARYING FORM OF TITLE
Title proper/short title Lindley and Banks on partnership
250 ## - EDITION STATEMENT
Edition statement 17th ed. /
Remainder of edition statement R.C. I'Anson Banks.
260 ## - PUBLICATION, DISTRIBUTION, ETC. (IMPRINT)
Place of publication, distribution, etc London :
Name of publisher, distributor, etc Sweet & Maxwell,
Date of publication, distribution, etc 1995
300 ## - PHYSICAL DESCRIPTION
Extent clxi, 1131 p. ;
Dimensions 26 cm.
500 ## - GENERAL NOTE
General note Includes index.
650 #0 - SUBJECT ADDED ENTRY--TOPICAL TERM
Topical term or geographic name as entry element Partnership
Geographic subdivision Great Britain.
9 (RLIN) 1728
700 1# - ADDED ENTRY--PERSONAL NAME
Personal name Lindley, Nathaniel Lindley,
Titles and other words associated with a name Baron,
Dates associated with a name 1828-1921.
9 (RLIN) 1729
906 ## - LOCAL DATA ELEMENT F, LDF (RLIN)
a 7
b cbc
c origres
d 2
e ncip
f 20
g y-gencatlg
942 ## - ADDED ENTRY ELEMENTS (KOHA)
Source of classification or shelving scheme Dewey Decimal Classification
Koha item type Books
Holdings
Withdrawn status Lost status Source of classification or shelving scheme Damaged status Not for loan Home library Current library Shelving location Date acquired Total Checkouts Full call number Barcode Date last seen Price effective from Koha item type
    Dewey Decimal Classification     Law Development Centre Main Library Law Development Centre Main Library Text Books and Laws 04/26/2011   346.410682 BAN 8409 04/26/2011 04/26/2011 Books
    Dewey Decimal Classification     Law Development Centre Main Library Law Development Centre Main Library Text Books and Laws 01/09/2012   346.0682 3409/2012 01/09/2012 01/09/2012 Books